1453 1304 1203 1423 1162 1405 1567 1038 1335 1471 1121 1728 1978 1109 1684 1400 1859 1062 1681 1207 1915 1609 1979 1573 1757 1373 1310 1536 1684 1052 1145 1504 1157 1065 1052 1682 1885 1448 1938 1177 1064 1571 1650 1662 1753 1701 1168 1902 1772 1163 1240 1791 1135 1988 1259 1767 1715 1698 1445 1699 1075 1096 1605 1568 1966 1201 1577 1329 1230 1786 1482 1813 1890 1563 1871 1533 1661 1188 1628 1643 1489 1799 1836 1779 1445 1556 1116 1125 1879 1341 1949 1694 1504 1876 1640 1725 1364 1194 1651 BCNSPRNW ULIB Ver.6.0+V

เปลี่ยนเป็นภาษาไทย

Change to English
 แสดงรายละเอียดบรรณานุกรม
  กลับหน้าหลัก

Brief Record : Get Marc (ISO 2709) : E-mail record : QR code < ปิดหน้าต่าง
LEADER : 00000nam 2200000uu 4500
001    13399115200
003     ULIB
008    120727s2552||||th 000 0 tha d
020    ^a978611000147
099    ^aนว.^bร147ซ
100 0  ^a ร่มแก้ว
245 00 ^aปฐพีเล่ห์รัก/^cร่มแก้ว
250    ^aพิมพ์ครั้งที่ 1
260    ^aกรุงเทพฯ :^bพิมพ์คำ,^c2552
300    ^a324 หน้า
945    ^p230^l0^i16170
995    ^a กัณชพร
999    ^aใช้งานได้ทุกระบบ
รายการนี้ยังไม่มีแท็ก
คุณยังไม่ได้ล็อกอิน คุณสามารถมีกิจกรรมร่วมกับเว็บไซต์ได้ แต่ต้องล็อกอินก่อน ::
  ล็อกอิน

รายการสื่อสารสนเทศ

ลำดับที่ ประเภท เลขเรียก/บาร์โค้ด สถานที่ สถานะ
1. วิทยาศาสตร์การแพทย์ และสุขภาพ
วิทยาศาสตร์การแพทย์ และสุขภาพ
นว. ร147ซ  
  Barcode: 16170
ห้องสมุดวิทยาเขตสวรรค์ประชารักษ์
►นวนิยาย
บนชั้น
  ขอยืม

รายการใกล้เคียง
    ผู้แต่ง [ร่มแก้ว]

BibComment


ยังไม่เคยถูกคอมเมนท์

คอมเมนท์ทรัพยากรรายการนี้
  คอมเมนท์: ปฐพีเล่ห์รัก ร่ม..


 Copyright 2026. Bcnsprnw @Library